000 00348nam a2200133Ia 4500
005 20260326100041.0
008 260326s9999||||xx |||||||||||||| ||und||
100 _aSalinas Flores, Óscar
245 0 _aHistoria del Diseño Industrial /
_cÓscar Salinas Flores
260 _bTrillas
300 _a311 p.
650 _aDISEÑO INDUSTRIAL
942 _cBK
999 _c7016
_d7016